Anagrammes Noël - Statistiques

Statistiques générales
  • Ce quiz a été pris 7 284 fois
  • Le résultat moyen est 9 sur 20
Statistiques - réponses
Anagrammes Réponses % Correct
THANC Chant
96%
CHUBE Bûche
84%
XOHU Houx
83%
PAINS Sapin
83%
SEMES Messe
75%
GENIE Neige
73%
AUDACE Cadeau
66%
DENID Dinde
64%
CHARME Marché
62%
HERCEC Crèche
58%
NAVET Avent
45%
GRANULIED Guirlande
37%
DRESTES Dessert
26%
ENPROLEE Père Noël
25%
EFIREE Féérie
21%
NIVEROLLE Réveillon
15%
DOONATRICE Décoration
14%
EVITAINT Nativité
9%
ECONI-STATESES Casse-noisette
2%
CES'GOURDER Sucre d'orge
2%
Aucun quiz correspondant
Distribution des résultats
% des personnes avec chaque résultat
Percentile par nombre de réponses
Votre historique - résultats
Vous n’avez pas pris ce quiz